000 01706nam a2200385 i 4500
003 EG-GICUC
005 20260121101055.0
008 251027s1990 ua ||||f l||| 00| 0 ara d
040 _a EG-GICUC
_bara
_c EG-GICUC
_d EG-GICUC
_erda
041 0 _aara
082 0 4 _221
_a340.06207
_bأ ن . م
092 0 4 _221
_a340.506207
099 _aLaw1 340.06207 أ ن . م 1990
100 0 _aأنور طلبة
245 _aمجموعة المبادئ القانونية التى قررتها محكمة النقض منذ إنشائها سنة 1931 /
_cالمستشار أنور طلبة
_nالجزء الثامن :
_pخلف، دستور، دعوى، شركات، شفعة، شهر عقارى، شيوع، صلح، صورية، ضرائب، عقد، علامات تجارية، عمل
264 _aالاسكندرية :
_bدار نشر الثقافة،
_c1990.
300 _aالمجلد الثامن (780 صفحة)
_bإيضاحيات، صور، مثيليات ؛
_c24 سم
336 _2rda content
_atext
337 _2rda media
_aComputer
338 _2rda carrier
_aOnline Resource
500 _aيشتمل على إرجاعات ببليوجرافية
504 _a. 773-780 ببليوجرافيا: صفحات.
546 _aالنص باللغة العربية
650 1 _aدستور
_2qrmak
650 1 _aدعوى
_2qrmak
650 1 _aشهر عقارى
_2qrmak
650 1 _aشيوع
_2qrmak
650 1 _aقانون الكفالة
_2qrmak
650 1 _aالقسمة
_2qrmak
650 1 _aنزع الملكية للمنفعة العامة
_2qrmak
651 1 _2qrmak
856 4 0 _uhttps://fll.law.cu.edu.eg/fulltext/bks/B04-00072.pdf
905 _aNermin
942 _2ddc
_cBK
_e21
_n0
999 _c38025
_d38025